| 000 | 00932nmc a2200349 a 4500 | ||
|---|---|---|---|
| 003 | AR-BaBNM | ||
| 005 | 20251128203414.0 | ||
| 008 | 037119s1984 ||||||||||||||000 | spa|| | ||
| 020 | _a950-614-254-8 | ||
| 040 | _cAR-BaBNM | ||
| 100 | 1 | _aBeccaria, Cesare | |
| 245 | 1 | 0 | _aDe los delitos y de las penas |
| 260 |
_aBuenos Aires _bEdiciones Orbis _bHyspamerica _c1984 |
||
| 300 | 0 | _a115 p. | |
| 490 | 0 | _aHistoria del pensamiento | |
| 500 | 0 | _aIndice al final del libro | |
| 504 | _aContiene bibliografía a pie de página | ||
| 650 | 4 | _aDERECHO PENAL | |
| 650 | 4 | _aCASTIGO | |
| 650 | 4 | _aPENA DE MUERTE | |
| 650 | 4 | _aLEGISLACION | |
| 650 | 4 | _aPROCEDIMIENTO PENAL | |
| 650 | 4 | _aPRISIONES | |
| 650 | 4 | _aJUICIOS | |
| 650 | 4 | _aTESTIGOS | |
| 650 | 4 | _aTORTURA | |
| 650 | 4 | _aDELITOS | |
| 700 | 1 |
_aTomás y Valiente, Francisco _eprologuista |
|
| 800 | 1 |
_aOrtega, Virgilio _edirector |
|
| 942 | _cBK | ||
| 998 | _cAndrea | ||
| 999 |
_c3237 _d3237 |
||